| 000 | 00663nam a22001937a 4500 | ||
|---|---|---|---|
| 003 | NUST | ||
| 005 | 20250220123454.0 | ||
| 008 | 171213b xxu||||| |||| 00| 0 eng d | ||
| 040 | _c0 | ||
| 082 | _a200 | ||
| 100 | _4Ghafoor Mazhar | ||
| 245 |
_aExploring the interlinkages among Government, spending Foreign economic assistance and trade openness for their impacts of economic prosperity in Pakistan/ _cMazhar Ghafoor |
||
| 260 |
_aIslamabad _bS3H NUST _c2017 |
||
| 300 | _a66p | ||
| 600 |
_xMS- Economics _9127866 |
||
| 700 |
_aSupervisor: Dr. Zafar Mehmood _9127927 |
||
| 856 | _uhttp://10.250.8.41:8080/xmlui/handle/123456789/3621 | ||
| 942 |
_2ddc _cSC |
||
| 999 |
_c332540 _d332540 |
||